|
|
|
|
| LEADER |
00000cam a2200000 7i4500 |
| 001 |
0000006294 |
| 005 |
20220105104020.0 |
| 008 |
070815 |
| 020 |
|
|
|a 8173016399
|
| 090 |
0 |
0 |
|a JP
|b FT ENG (6324)
|
| 245 |
0 |
4 |
|a The storks
|
| 260 |
|
|
|a India :
|b Dreamlands Publications
|
| 440 |
|
|
|a Hans Christian Andersen's fairy tales
|
| 500 |
|
|
|a Children age 4-6 years old (yellow)
|
| 650 |
|
0 |
|a Fairy tales
|
| 650 |
|
0 |
|a Junior preschool
|x English
|x Languages
|
| 710 |
0 |
|
|a Title
|
| 999 |
|
|
|a 0000984646
|b Book
|c Children Collection
|e Cawangan Taman Sri Lambak
|
| 999 |
|
|
|a 0000984647
|b Book
|c Children Collection
|e Cawangan Bandar Tenggara
|
| 999 |
|
|
|a 0000984648
|b Book
|c Children Collection
|e Perbadanan Perpustakaan Awam Johor
|
| 999 |
|
|
|a 0000984649
|b Book
|c Children Collection
|e Perbadanan Perpustakaan Awam Johor
|
| 999 |
|
|
|a 0000984650
|b Book
|c Children Collection
|e Perbadanan Perpustakaan Awam Johor
|